MARC
| LEADER | 00000nam a2200000Ia 4500 | ||
|---|---|---|---|
| 008 | 170316s9999 xx 000 0 und d | ||
| 090 | |a 801 B-20h | ||
| 100 | |a Bonnot, I. | ||
| 245 | |a Humanisme et pléiade | ||
| 260 | |a París, Francia | ||
| 260 | |b Hachette | ||
| 260 | |c 1959 | ||
| 300 | |a 192 páginas | ||
| 650 | |a TEORÍA LITERARIA | ||
| 650 | |a MOVIMIENTOS LITERARIOS | ||
| 650 | |a HUMANISMO | ||
| 650 | |a PLEYADE | ||
| 650 | |a HISTORIA | ||
| 999 | |c 20072 |d 20072 | ||
| 040 | |a cru BVZT | ||
| 942 | |c 15 D |h 801 B-20h |2 z | ||
